Def Leppard: Albums by Cover - Statistics

General Stats
  • This quiz has been taken 24 times
  • The average score is 9 of 12
Answer Stats
Picture Hint Answer % Correct
1983 Pyromania
100%
1981 High 'n' Dry
95%
1987 Hysteria
95%
1980 On Through the Night
95%
1992 Adrenalize
85%
1996 Slang
75%
2002 X
70%
1999 Euphoria
60%
2006 Yeah!
55%
2015 Def Leppard
50%
2022 Diamond Star Halos
50%
2008 Songs from the Sparkle Lounge
45%
No matching quizzes found
Score Distribution
Percent of People with Each Score
Percentile by Number Answered
Your Score History
You have not taken this quiz